|
|
|
|
| LEADER |
00000cam a2200000 7i4500 |
| 001 |
0000003034 |
| 005 |
20040409.0 |
| 020 |
0 |
0 |
|a 9280722662
|
| 090 |
0 |
0 |
|a 333.7
|b CAP 2002
|
| 245 |
0 |
0 |
|a CAPACITY building for sustainable development :
|b an overview of UNEP environmental capacity development initaitives
|
| 260 |
0 |
0 |
|a Nairobi, Kenya :
|b United Nations Environment Programme ,
|c 2002
|
| 300 |
|
|
|a 164 p. :
|b col. ill. ;
|c 28 cm.
|
| 650 |
0 |
0 |
|a Environmental economics
|
| 650 |
0 |
0 |
|a Environmental policy
|
| 650 |
0 |
0 |
|a Sustainable development
|
| 710 |
1 |
1 |
|a United Nations Environment Programme (UNEP)
|
| 998 |
|
|
|a JPSM
|
| 999 |
|
|
|a 0000005222
|b Monograph
|c Open Shelf
|e Default branch
|